000 00789nam a2200241 i 4500
001 bg
100 1 _aDakowska, Maria.
245 0 0 _aTeaching English as a foreign language :
_ba guide for professionals /
_cMaria Dakowska.
260 _aWarszawa :
_bWydawnictwo Naukowe PWN ;
_c2005.
300 _a292 s. :
_bfaks. ;
_c24 cm.
504 _aBibliogr s. 273-281 i przy rozdz. Indeksy.
521 _aPodręcznik akademicki.
650 9 _aJęzyk angielski
_anauczanie
650 9 _aJęzyk angielski
_xnauczanie
_xhistoria
_yod 1945 r.
020 _a830114498X
040 _cBPK
041 0 _aeng
044 _aPOL
080 _a811.111:37.016
942 _cKS
008 s pl f |000 0 pol
999 _c54303
_d54303
856 _uhttp://koha.tu.koszalin.pl/cgi-bin/koha/opac-detail.pl?biblionumber=54303
_yKatalog online BPK